000 00577nam a2200193Ia 4500
005 20250326140804.0
008 250326s9999 xx 000 0 und d
020 _a0-609-60770-7
037 _aTextbook
040 _aFMSL
_beng
_cFMSL
041 _aeng
_2eng
084 _aX:8obD658(2:55) P0
_qFMSL
100 _aSlywotzky A J
_9743053
245 0 _aHow digital is your business ?
_cSlywotzky A J; Morrison D J
260 _aNew York
_bNew York, Crown Business
_c2000
300 _a327p
942 _cTB
_hX:8obD658(2:55) P0
999 _c1287291
_d1287291